000 00647nam a2200241Ia 4500
008 191130s1995##################000#0#eng##
020 _a9780747520221
040 _aACL
_cACL
082 _a967.7305092 AMA
100 _aAman
245 _aAman : the story of a Somali girl
_cAman.; Janice Boddy; Virginia Lee Barnes
260 _aLondon
_bBloomsbury
_c1995
300 _aix, 349 p
650 _aAman
650 _aSomalia
650 _aWomen
650 _aWomen--Social conditions
700 _aBarnes, Virginia Lee
700 _aBoddy, Janice
990 _a2fcd00c5ac10000c5ebbaaa62bf038b9
991 _a284697
999 _c366725
_d366725